Scottish farmland market (Record no. 110379)

MARC details
000 -LEADER
fixed length control field 01121cad a22002295a 4500
001 - CONTROL NUMBER
control field E149132
008 - FIXED-LENGTH DATA ELEMENTS--GENERAL INFORMATION
fixed length control field 100115s2009 xxka f 000 0 eng d
035 ## - SYSTEM CONTROL NUMBER
System control number (Sirsi) u149132
041 0# - LANGUAGE CODE
Language code of text/sound track or separate title eng
050 04 - LIBRARY OF CONGRESS CALL NUMBER
Classification number 333.33 $2 18
110 2# - MAIN ENTRY--CORPORATE NAME
Corporate name or jurisdiction name as entry element Savills
9 (RLIN) 2020
245 00 - TITLE STATEMENT
Title Scottish farmland market
Remainder of title briefing October 2009
Medium [electronic resource]
260 ## - PUBLICATION, DISTRIBUTION, ETC.
Place of publication, distribution, etc. [Edinburgh]
Name of publisher, distributor, etc. Savills
Date of publication, distribution, etc. 2009
490 #0 - SERIES STATEMENT
Series statement Savills Scottish Farmland Market
520 ## - SUMMARY, ETC.
Summary, etc. Suggests that the amount of farmland publicly marketed in the national press from January to September 2009 fell by -25% to 24 000 acres, when compared to the same period in 2008. Savills' Farmland Value Survey shows that the average value of farmland in Scotland rose by 0.4% in Q1-Q3 2009, compared to an increase of 5.6% in 2008.
521 ## - TARGET AUDIENCE NOTE
Target audience note Advanced
590 ## - LOCAL NOTE (RLIN)
Local note KA
651 #4 - SUBJECT ADDED ENTRY--GEOGRAPHIC NAME
Geographic name Scotland
Chronological subdivision 1999-
690 ## - LOCAL SUBJECT ADDED ENTRY--TOPICAL TERM (OCLC, RLIN)
Topical term or geographic name as entry element PROPERTY-RURAL AND NATURAL ASSETS-AGRICULTURAL PROPERTY-AGRICULTURAL PROPERTY MARKET
856 40 - ELECTRONIC LOCATION AND ACCESS
Uniform Resource Identifier <a href="https://www.savills.co.uk/research/Report.aspx?nodeID=10980#">https://www.savills.co.uk/research/Report.aspx?nodeID=10980#</a>
Public note View the report free of charge (requires registration) at www.savills.co.uk...
942 ## - ADDED ENTRY ELEMENTS (KOHA)
Suppress in OPAC 0
Holdings
Withdrawn status Lost status Source of classification or shelving scheme Damaged status Not for loan Home library Current library Shelving location Date acquired Total Checkouts Full call number Barcode Date last seen Copy number Price effective from Koha item type
    Dewey Decimal Classification     Virtual Virtual Online 15/01/2010   ONLINE PUBLICATION 149132-2001 06/08/2019 1 06/08/2019 Book